LEADER 00825nam0-2200301---450- 001 990008259060403321 005 20080429132745.0 035 $a000825906 035 $aFED01000825906 035 $a(Aleph)000825906FED01 035 $a000825906 100 $a20060119f19001915km-y0itay50------ba 101 0 $aita 102 $aIT 105 $aa-------001yy 200 1 $aOceania$fG. Pennesi, G. Grasso, F. Musone 210 $aMilano$cVallardi$d[191.] 215 $aXII, 411 p., [5] c.$cill.$d27 cm 225 1 $a<>popoli del mondo$eusi e costumi 610 0 $aOceania 700 1$aPennesi,$bGiuseppe$f<1854-1909>$0308193 801 0$aIT$bUNINA$gRICA$2UNIMARC 901 $aBK 912 $a990008259060403321 952 $aK-06-033$bIst. 4565$fILFGE 959 $aILFGE 996 $aOceania$9741920 997 $aUNINA LEADER 00951nam0-22003251i-450- 001 990003046680403321 010 $a0-415-02778-0 035 $a000304668 035 $aFED01000304668 035 $a(Aleph)000304668FED01 035 $a000304668 100 $a20000920d1988----km-y0itay50------ba 101 0 $aita 102 $aIT 200 1 $a<>Development of High Technology Industries$eAn International Survey$fedited by Michael J.Breheny and Ronald McQuaid. 205 $areprinted. 210 $aLondon$aNew York$cRoutledge$d1988. 215 $a363 p.$d21 cm 676 $aG/1.4 676 $aH/2.2243 702 1$aBreheny,$bMichael J.$f<1948- > 702 1$aMcQuaid,$bRonald$f<1955- > 801 0$aIT$bUNINA$gRICA$2UNIMARC 901 $aBK 912 $a990003046680403321 952 $aG/1.4 DEV/N.A$b8198$fSES 959 $aSES 996 $aDevelopment of High Technology Industries$9462663 997 $aUNINA DB $aING01